| 000 | 00511nam a2200169 i 4500 | ||
|---|---|---|---|
| 001 | 76312 | ||
| 003 | ES-MaACL | ||
| 005 | 20230906172810.0 | ||
| 007 | t| | ||
| 008 | 040930s1969 sp ||||1| spa d | ||
| 100 | 1 |
_aGross, Friedrich. _960163 |
|
| 245 | 1 | 0 |
_aSilos y ensilados / _cFriedrich Gross ; traducido por Jaime Esain Escobar. |
| 260 |
_aZaragoza : _bAcribia, _c[1969] |
||
| 300 |
_a136 p., 4 lám. : _bil. ; _c22 cm. |
||
| 700 | 0 |
_aEsaín Escobar, Jaime. _947449 |
|
| 852 |
_aES-MaACL _jC-36772 _bR.70694 |
||
| 999 |
_c76312 _d76312 |
||